Harry Potter - Expert - Statistics

General Stats
  • This quiz has been taken 5,229 times
  • The average score is 12 of 15
Answer Stats
Hint Answer % Correct
Who shared Harry's first kiss? Cho Chang
98%
Who is the half-blood prince? Severus Snape
98%
What position does Harry play in quidditch? Seeker
97%
What is Harry's middle name? James
95%
A Minister of Magic: ________ Fudge Cornelius
93%
Tom Riddle's middle name Marvolo
93%
The name of Hermione's pet cat Crookshanks
91%
What position does Ron play in quidditch? Keeper
91%
Professor Trelawney teaches: Divination
87%
The golden snitch reads: "I open at the ______" close
83%
What spell unlocks doors? Alohomora
81%
Where does Harry organise his secret Defence Against the Dark Arts group? Room of Requirement
81%
The name of Ginny's pygmy puff Arnold
51%
Harry's first sample of Hagrid's cooking Rock cake
44%
What spell causes temporary deafness? Muffliato
35%
No matching quizzes found
Score Distribution
Percent of People with Each Score
Percentile by Number Answered
Your Score History
You have not taken this quiz